000 004620000a22001810004500
003 MACL
005 20150823122453.0
008 150823b xxu||||| |||| 00| 0 eng d
040 _aMACL
_cMACL
041 _aEnglish
082 _a690/GOP
100 _aGopal , Madan
_96972
245 _aDyal Sing Majithia
_bBuilders Of Modern India
260 _aNew Delhi
_bPublication Division
_c1994
350 _a40
650 _aTechnology
_96973
942 _cBK
_k690.54
_2ddc
999 _c1698
_d1698